000 00602nam a2200241Ia 4500
999 _c45401
_d45401
001 12225
003 GE_BSU
005 20221117162955.0
008 181216s2010en xx |||||||||||||| ||eng||
020 _a9780073028200x
040 _cGE_BSU
041 _aeng
080 _a59 M-69
100 _aMiller,A Stephen.
_915907
245 _aZoology /
_cA Stephen Miller, P John. Harley.
250 _a8th ed.
264 _aNew York,
_c2010.
300 _a592 p.:
_bill;
_c28 cm.
653 _aZoology.
653 _aზოოლოგია
700 _aHarley, P. John.
_915908
942 _cBK
_2udc